Szczegóły MARC21

VAT [Value Added Tax] w rolnictwie : w pytaniach i odpowiedziach wraz ze szczegółowymi wykazami towarów opo datkowanych stawką 3%, towarów, od sprzedaży których przysługuje rolni kom zryczałtowany zwrot podatku VAT /

005 -DATA I CZAS OSTATNIEJ MODYFIKACJI [,]
    • @
    • pole kontrolne
    • 20070315155141.9
020 -Międzynarod. znormalizowany nr książki - ISBN [ , ]
    • a
    • Numer ISBN
    • 8391107477 Find
040 -Instytucja sporządzająca opis [ , ]
    • a
    • Instytucja, która sporządziła opis (NP)
    • SZCZ U
    • c
    • Instytucja, która sporządziła rekord (NP)
    • SZCZ U
041 -Język dokumentu [0, ]
    • a
    • Język tekstu (P)
    • polski
    • h
    • Język tekstu oryginalnego i/lub pośredniego (P)
    • polski
942 -Rodzaj dokumentu [ , ]
    • c
    • Rodzaj dokumentu
    • Książka
100 -Hasło główne - nazwa osobowa [ , ]
    • a
    • Nazwa osobowa (NP)
    • ZUBRZYCKI, JANUSZ
245 -Strefa tytułu i oznaczenia odpowiedzialności [1, ]
    • a
    • Tytuł
    • VAT [Value Added Tax] w rolnictwie : Find
    • b
    • Ciąg dalszy tytułu (NP)
    • w pytaniach i odpowiedziach wraz ze szczegółowymi wykazami towarów opo datkowanych stawką 3%, towarów, od sprzedaży których przysługuje rolni kom zryczałtowany zwrot podatku VAT / Find
    • c
    • Pozostałe elementy strefy tytułu i oznaczenia odpowiedzialności (NP)
    • Janusz Zubrzycki.
260 -Strefa adresu wydawniczego [ , ]
    • a
    • Miejsce wydania (P)
    • Wrocław :
    • b
    • Nazwa wydawcy (P)
    • "Unimex",
    • c
    • Data wydania (P)
    • 2000.
300 -Strefa opisu fizycznego [ , ]
    • a
    • Określenie formy książki i/lub objętość (NP)
    • 199 s. :
    • c
    • Format (NP)
    • 24 cm.
080 -Uniwersalna Klasyfikacja Dziesiętna [ , ]
    • a
    • Symbol klasyfikacji
    • 336.226.322(438)(094.5)
080 -Uniwersalna Klasyfikacja Dziesiętna [ , ]
    • a
    • Symbol klasyfikacji
    • :63(438)(094.5)
980 -Symbol UKD [ , ]
    • a
    • UKD
    • 336.226.322:63](438)(094.5)
920 -ISBN [ , ]
    • a
    • ISBN
    • 83-911074-7-7 Find
Data inwentaryzacji Lokalizacja Status udost. Sygnatura Numer inwentarzowy
2001-01-23BE-3 S.87611
2001-01-23BE-6 S.87612
2001-01-23BG1Z.97193Z.97193
2015-08-12GW-263GW.612
2001-01-23T-3 T.3858
2001-01-23T-3 T.3859